| 000 | 00997nam0a2200313 4500 | ||
|---|---|---|---|
| 001 | RU\NLR\ONL2\26075 | ||
| 005 | 20250613224414.0 | ||
| 010 |
_a978-5-88719-084-6 _9130 |
||
| 035 | _a(NLR Aleph) 010213030 | ||
| 090 |
_a10282601 _c10282601 |
||
| 100 | _a20130422d2012 |||y0rusy50 ca | ||
| 101 | 0 | _atat | |
| 102 | _aRU | ||
| 105 | _ay ||||||||| | ||
| 200 | 1 |
_aКурсант лирикасы _fМэжит Кэримов |
|
| 210 |
_aБэлэбэй _cГУП РБ "Белебеевская городская типография" _d2012 |
||
| 215 |
_a78 б. _d16 |
||
| 541 | 1 |
_6z01790 _aКурсантская лирика. _zrus |
|
| 686 | 1 | _aШ6(2=Тат)7-5 | |
| 700 | 1 |
_aКэримов _bМ. _gМэжит _4070 |
|
| 790 | 1 |
_6z01541 _aКаримов _bМ. _gМажит _4070 |
|
| 801 | 0 |
_aRU _bNLR _c20130422 _gPSBO |
|
| 852 |
_aNLR _jТатар./2-12547 _m39607 |
||
| 852 |
_aNLR _bОНЛ |
||
| 942 | _cBOOK | ||
| 980 | _aNB | ||
| 980 | _aONL_RF | ||